| 000 | 01219cam a2200253a 44500 | ||
|---|---|---|---|
| 003 | OSt | ||
| 005 | 20150408113726.0 | ||
| 008 | 030315s1961 ua g 00000 ara dd | ||
| 040 |
_aSA-RiAUC _bara _cSA-RiAUC |
||
| 041 | _aعربي | ||
| 072 | 0 |
_a045 _xاللغة العربية |
|
| 082 | 0 | 4 | _a415.3 |
| 092 |
_a415.3 _bا ك ا |
||
| 100 | 1 |
_aالأنباري، عبد الرحمن بن محمد بن عبيد الله، _d513-577 هـ. _91138 |
|
| 245 | 1 | 2 |
_aالأنصاف في مسائل الخلاف بين النحوين البصريين والكوفيين / _cتأليف كمال الدين أبي البركات الأنباري. ومعه، كتاب الانتصاف من الأنصاف / تأليف محيى الدين عبد الحميد. |
| 250 | _aط. 4. | ||
| 260 |
_aالقاهرة _bدار إحياء التراث العربي، _c1380 = 1961 |
||
| 300 |
_a2 مج. (880 ص.) ؛ _c23 سم. 7 |
||
| 650 |
_aاللغة العربية _xالنحو _2aucsh. 7 |
||
| 650 |
_aاللغويون العرب _vتراجم _2aucsh.12 _932 |
||
| 700 |
_aعبد الحميد، محمد محيى الدين _tالانتصاف من الأنصاف.22 _91139 |
||
| 740 | _aالانتصاف من الأنصاف.\\ | ||
| 942 |
_2ddc _cBOOK |
||
| 999 |
_c1253 _d235753 |
||